| 000 | 00857nam a2200241Ia 4500 | ||
|---|---|---|---|
| 999 |
_c41560 _d41560 |
||
| 001 | 8228 | ||
| 003 | GE_BSU | ||
| 005 | 20221114103833.0 | ||
| 008 | 181216s2013||||en |||||||||||||| ||eng|| | ||
| 020 | _a9781842160893x | ||
| 041 | _aeng | ||
| 080 | _a811.111'36(075.8) E-93 | ||
| 100 |
_aEvans, Virginia. _93157 |
||
| 245 |
_aENTERPRISE 1. Course Book : Beginner / _cVirginia Evans ; Jenny Dooley ; Editor chief : Mary Palmer. |
||
| 264 |
_aMade in Eu : _bExpress Publishing, _c2013. |
||
| 300 |
_a167 p .: _bill; _c27cm. |
||
| 653 | _aBeginner | ||
| 653 | _aENTERPRISE 1.Course Book. | ||
| 653 | _a(დამწყები) ინგლისური ენის გრამატიკა | ||
| 700 |
_aDooley, Jenny _93165 |
||
| 700 |
_aPalmer, Mary _eრედაქტორის მოადგილე _93166 |
||
| 942 |
_cBK _2udc |
||